000 00846nam a2200253Ia 4500
003 OSt
005 20220927114807.0
006 a|||||r|||| 00| 0
007 ta
008 220926b |||||||| |||| 00| 0 eng d
024 _a6925
037 _cThesis and Dissertations
040 _aRTL
_cRTL
_beng
041 _2eng
_aeng
082 _a"Y:5.212.N7, M1/Th"
100 _aNishikawa Yuiko
_9389348
245 0 _aPopulation growth and social variable in India
260 _aDelhi
_bUniversity of Delhi
_c1981
300 _a92p
_ccm.
490 _a"University of Delhi, Sociology (Deptt. of-), Dissertation. Dissertation, University of Delhi, Sociology (Deptt of-"
500 _aBibliography: P i-x
942 _h"Y:5.212.N7, M1/Th"
_cCC
999 _c705114
_d705114